<?xml version="1.0" encoding="UTF-8"?>
<collection xmlns="http://www.loc.gov/MARC21/slim">
 <record>
  <leader>00700nam  2200265#c 4500</leader>
  <controlfield tag="001">UMA-11674</controlfield>
  <controlfield tag="003">UMA</controlfield>
  <controlfield tag="005">20230415    193714</controlfield>
  <controlfield tag="008">080221suuuu####gw###########||||#0#spa#d</controlfield>
  <datafield tag="336" ind1=" " ind2=" ">
   <subfield code="a">texto</subfield>
  </datafield>
  <datafield tag="337" ind1=" " ind2=" ">
   <subfield code="a">no mediado</subfield>
  </datafield>
  <datafield tag="338" ind1=" " ind2=" ">
   <subfield code="a">volumen</subfield>
  </datafield>
  <datafield tag="901" ind1=" " ind2=" ">
   <subfield code="a">CD 17</subfield>
  </datafield>
  <datafield tag="080" ind1=" " ind2=" ">
   <subfield code="a">781.68</subfield>
  </datafield>
  <datafield tag="092" ind1=" " ind2=" ">
   <subfield code="a">CD 17</subfield>
  </datafield>
  <datafield tag="245" ind1=" " ind2=" ">
   <subfield code="a">Slavic dance = </subfield>
   <subfield code="b">Slawische tänze = Danse slave</subfield>
   <subfield code="c">Antonin Dvo`r´ák</subfield>
  </datafield>
  <datafield tag="100" ind1=" " ind2=" ">
   <subfield code="a">Dvo`r´ák</subfield>
   <subfield code="b">Antonin</subfield>
  </datafield>
  <datafield tag="650" ind1=" " ind2=" ">
   <subfield code="a">Arte</subfield>
  </datafield>
  <datafield tag="650" ind1=" " ind2=" ">
   <subfield code="a">Música</subfield>
  </datafield>
  <datafield tag="650" ind1=" " ind2=" ">
   <subfield code="a">Música clásica</subfield>
  </datafield>
  <datafield tag="044" ind1=" " ind2=" ">
   <subfield code="a">gw#</subfield>
  </datafield>
  <datafield tag="500" ind1=" " ind2=" ">
   <subfield code="a">Contiene: Slavonic Dances op. 46; Slavonic Dances op. 72</subfield>
  </datafield>
  <datafield tag="440" ind1=" " ind2=" ">
   <subfield code="a">Allegro</subfield>
   <subfield code="n">21034</subfield>
  </datafield>
  <datafield tag="300" ind1=" " ind2=" ">
   <subfield code="a">1 disco son. (68.31 min.) : digital</subfield>
  </datafield>
  <datafield tag="260" ind1=" " ind2=" ">
   <subfield code="a">Germany</subfield>
   <subfield code="b">Gema</subfield>
   <subfield code="c">[s.f.]</subfield>
  </datafield>
 </record>
</collection>
